000 01910 a2200325 4500
003 OSt
005 20260413162045.0
008 260310b |||||||| |||| 00| 0 eng d
020 _a9789389329292 (खण्ड 4) (pbk)
037 _cREF
040 _aCRL
_cCRL
041 _2hin
_ahin
_hsan
084 _aQ127:22 15R2.1-.4 (RR)
_qCRL
245 _aशतपथ ब्राह्मणम्
260 _aदिल्ली, भारत:
_bचौखम्भा ओरियन्टालिया,
_c2022.
300 _aखण्ड 1 (1-284पृ.), खण्ड 2 (1-493पृ.), खण्ड 3 (1-644पृ.), खण्ड 4 (1-561पृ.)
365 _bखण्ड 1 - 425.00
_cINR
365 _bखण्ड 2 - 750.00
_cINR
365 _bखण्ड 3 - 875.00
_cINR
365 _bखण्ड 4 - 900.00
_cINR
490 _aगोकुलदास संस्कृत ग्रंथमाला - 154
650 _aधर्म
650 _aब्राह्मण
_91131539
700 _aझा, सुंदर नारायण
_eअनुवादक
942 _cREF
_2CC
_hQ127:22 15R2.1-.4 (RR)
999 _c1464279
_d1464279